BIBLIOTECA PODER JUDICIAL
Portal Judicial TDF

La llamada delegación legislativa impropia en el ámbito nacional y en los regímenes locales / (Registro nro. 5132)

000 -LEADER
fixed length control field 01882nam a22002537a 4500
003 - CONTROL NUMBER IDENTIFIER
control field OSt
005 - DATE AND TIME OF LATEST TRANSACTION
control field 20240322112933.0
008 - FIXED-LENGTH DATA ELEMENTS--GENERAL INFORMATION
fixed length control field 180220b xxu||||| |||| 00| 0 spa d
020 ## - INTERNATIONAL STANDARD BOOK NUMBER
International Standard Book Number 9789873678806
040 ## - CATALOGING SOURCE
Transcribing agency PJ
100 ## - ASIENTO PRINCIPAL - NOMBRE DE PERSONA
Personal name Passarella, Julián E.
9 (RLIN) 6256
245 13 - MENCIÓN DE TÍTULO
Título propiamente dicho La llamada delegación legislativa impropia en el ámbito nacional y en los regímenes locales /
Parte restante del título Julián E. Passarella.
260 ## - PUBLICATION, DISTRIBUTION, ETC. (IMPRINT)
Place of publication, distribution, etc Santa Fe :
Name of publisher, distributor, etc Cívica,
Date of publication, distribution, etc 2024.
300 ## - DESCRIPCION FISICA
Extent 648 p.
Dimensions 23 cm.
500 ## - NOTA GENERAL
General note Incluye apartado con jurisprudencia citada.
504 ## - NOTA DE BIBLIOGRAFÍA, ETC.
Bibliography, etc Bibliografía: p. 633-648
505 ## - FORMATTED CONTENTS NOTE
Formatted contents note En la República Argentina, tanto el Poder Ejecutivo nacional como los ejecutivos provinciales y municipales tienen a su cargo la aplicación, integración y puesta en práctica de las leyes y ordenanzas. Esta atribución es ejercida a través del dictado de normas reglamentarias de distinta jerarquía, intensidad y amplitud, que el autor clasifica en reglamentos de ejecución, reglamentos autorizados o de integración —a partir de una delegación legislativa impropia— y reglamentos delegados. La tesis consiste en delimitar los contornos y demostrar la existencia de la llamada “delegación legislativa impropia”, tanto en el ámbito nacional como en los regímenes provinciales y municipales. Dicho objetivo es abordado a partir del estudio del régimen federal argentino, de las constituciones de la Nación y de las provincias, de la doctrina y, principalmente, de la jurisprudencia de la Corte Suprema de Justicia de la Nación y de los tribunales de la mayoría de las provincias de nuestro país.
650 ## - ASIENTO SECUNDARIO DE MATERIA - TERMINO TEMATICO
Topical term or geographic name as entry element DERECHO ADMINISTRATIVO
9 (RLIN) 211
650 #0 - ASIENTO SECUNDARIO DE MATERIA - TERMINO TEMATICO
Topical term or geographic name as entry element ADMINISTRACION PUBLICA
9 (RLIN) 877
650 #0 - ASIENTO SECUNDARIO DE MATERIA - TERMINO TEMATICO
Topical term or geographic name as entry element DELEGACION LEGISLATIVA
9 (RLIN) 187
650 #0 - ASIENTO SECUNDARIO DE MATERIA - TERMINO TEMATICO
Topical term or geographic name as entry element FACULTADES REGLAMENTARIAS
9 (RLIN) 6257
942 ## - ADDED ENTRY ELEMENTS (KOHA)
Source of classification or shelving scheme
Koha item type Libros
Classification part 342.922
Item part PAS
Existencias
Withdrawn status Lost status Source of classification or shelving scheme Damaged status Not for loan Permanent Location Current Location Date acquired Full call number Barcode Date last seen Price effective from Koha item type
          Biblioteca Poder Judicial Sur Biblioteca Poder Judicial Sur 2024-03-22 342 PAS 6622 2024-03-22 2024-03-22 Libros

12 de Octubre 789 Ushuaia - Tel:  54(02901)441571
Horario de Atención: 8.00 a 17.00 hs. 
bibliotecaush@justierradelfuego.gov.ar
koha@justierradelfuego.gov.ar
Seguinos en nuestras redes @bibliojustdf 

Con tecnología Koha